| 000 | 02174cam a2200349 i 4500 | ||
|---|---|---|---|
| 001 | 16550760 | ||
| 003 | OSt | ||
| 005 | 20180117085939.0 | ||
| 008 | 101123t20112011nju b 001 0 eng | ||
| 010 | _a 2010049507 | ||
| 020 | _a9780470923238 (pbk.) | ||
| 040 |
_aDLC _beng _cDLC _erda _dDLC |
||
| 042 | _apcc | ||
| 050 | 0 | 0 |
_aBF698.8.M5 _bN53 2011 |
| 082 | 0 | 0 |
_a155.2/83 _222 |
| 084 |
_aPSY007000 _2bisacsh |
||
| 100 | 1 |
_aNichols, David S. _eauthor. |
|
| 245 | 1 | 0 |
_aEssentials of MMPI-2 Assessment / _cDavid S. Nichols. |
| 250 | _aSecond edition. | ||
| 260 |
_aHoboken, New Jersey : _bWiley, _c[2011], ©2011. |
||
| 300 |
_axiv, 386 pages ; _c22 cm |
||
| 490 | 0 | _aEssentials of Psychological Assessment | |
| 504 | _aIncludes bibliographical references and index. | ||
| 520 | _a"The Minnesota Multiphasic Personality Inventory, Second Edition is used by a broad range of clinicians to assist with the diagnosis of mental disorders and the selection of appropriate treatment methods. To use it properly, professionals need an authoritative source for use of this test. This thoroughly updated and revised second edition of Essentials of MMPI-2 Assessment provides that resource. In addition to comprehensive updates to the research and literature throughout, the new edition will include information on other versions of the test, including the MMPI-2 RC and the MMPI-2-RF. Clinical and school psychologists are provided with information on administering, interpreting, and scoring this most widely used test for assessing personality"-- | ||
| 650 | 0 | _aMinnesota Mutiphasic Personality Inventory. | |
| 650 | 7 |
_aPSYCHOLOGY / Clinical Psychology _2bisacsh. |
|
| 906 |
_a7 _bcbc _corignew _d1 _eecip _f20 _gy-gencatlg |
||
| 942 |
_2ddc _cBK |
||
| 999 |
_c2373 _d2373 |
||